000
00282nam a22001337a 4500
008
181107b xxu||||| |||| 00| 0 eng d
020
_a
0809122448
041
_a
eng
080
_a
101
100
_a
24
101
_a
FIL
245
_a
Business Ethics
_c
Stevens,E
942
_2
udc
_c
BK
999
_c
52056
_d
52056